All capital cities changes through time - Statistics

General Stats
  • This quiz has been taken 24 times
  • The average score is 35 of 64
Answer Stats
Hint Answer % Correct
Brasília
86%
Canberra
82%
Moscow
82%
1960 Rio de Janeiro
82%
Tokyo
82%
Washington, D.C.
82%
Abuja
77%
Astana
77%
Berlin
77%
Jerusalem
77%
1869 Kyoto
77%
1991 Lagos
77%
1913 Melbourne
77%
1800 Philadelphia
77%
1918 Saint Petersburg
77%
1950 Tel Aviv
77%
1865 Auckland
73%
1990 Bonn
73%
1974 (ongoing) Dar es Salaam
73%
Dodoma
73%
1923 Istanbul
73%
Wellington
73%
1997 Almaty
68%
Ankara
68%
1824 / 1932 Diriyah | Riyadh
68%
1857 Kingston | Montreal | Toronto
68%
Ottawa
68%
Riyadh
68%
Islamabad
64%
1596 Kraków
64%
New Delhi
64%
Rome
64%
Warsaw
64%
2019 Bujumbura
59%
1963 Karachi
59%
1911 Kolkata
59%
Tehran
59%
1983 Abidjan
55%
1871 Florence
55%
Gitega
55%
Kyiv
55%
Budapest
50%
Santiago
50%
1934 Kharkiv
45%
Naypyidaw
45%
Yamoussoukro
45%
2005 Yangon
45%
1796 Shiraz | Isfahan
41%
Suva
36%
Ulaanbaatar
36%
1970 Belize City
23%
Belmopan
23%
16th century Concepción
23%
1990s Gaza
23%
Lilongwe
23%
Nouakchott
23%
TBD Juba
18%
Ramallah
18%
13th century Esztergom
0%
1882 Levuka
0%
Ramciel (planned)
0%
1958 Saint-Louis
0%
1924 Urga
0%
1975 Zomba
0%
No matching quizzes found
Score Distribution
Percent of People with Each Score
Percentile by Number Answered
Your Score History
You have not taken this quiz